Statistics for Almost Dirty Words

Click here to take the quiz!

General Stats

  • This quiz has been taken 72 times
  • The average score is 5 of 20

Answer Stats

HintAnswer% Correct
Ice hockey discPuck
93%
Largest city in ThailandBangkok
81%
Place in the street used to enter the sewerManhole
45%
Lowest part of spinal column; tailboneCoccyx
33%
A group of 6Sextet
33%
Lake located on the border of Bolivia and PeruTiticaca
30%
One who tickles the ivoriesPianist
27%
Badminton’s birdieShuttlecock
27%
The steersman of a racing shellCoxswain
24%
Second largest denomination of Islam, after Sunni IslamShi’ite
22%
Worn around the waist with tuxedosCummerbund
15%
Latin: upright manHomo Erectus
15%
An apartment that is owned, not rentedCondominium
12%
Metal pole used to load or clean a firearmRamrod
10%
An enlisted person ranking below petty officerSeaman
9%
Subject to crankiness, often applied to old menCrotchety
7%
Institution where prisoners are exiled, often an islandPenal Colony
7%
Priest's houseRectory
7%
A drum sound played to accentuate a jokeRimshot
6%
A false notionFallacy
1%

Score Distribution

Percentile by Number Answered

Percent of People with Each Score

Your Score History

You have not taken this quiz